Escritos sobre memoria, responsabilidad y pasado
Furkejuvvon:
| Váldodahkki: | |
|---|---|
| Materiálatiipa: | Girji |
| Giella: | espánnjágiella |
| Almmustuhtton: |
Cali
Universidad del Valle
2004
|
| Ráidu: | Artes y Humanidades
|
| Fáttát: | |
| Fáddágilkorat: |
Lasit fáddágilkoriid
Eai fáddágilkorat, Lasit vuosttaš fáddágilkora!
|
MARC
| LEADER | 00000nam a2200000 a 4500 | ||
|---|---|---|---|
| 001 | UCI1916 | ||
| 003 | CL-VaPUC | ||
| 008 | 070727e20040000CK |||||||||||||||||spa|d | ||
| 020 | |a 9586703371 | ||
| 082 | 0 | 4 | |a 196.1 |b CRU |2 21 |
| 100 | 0 | |a Cruz, Manuel |e author |9 522735 | |
| 245 | 1 | 0 | |a Escritos sobre memoria, responsabilidad y pasado |
| 300 | |a 171 p | ||
| 942 | |c BK | ||
| 945 | |d 20070727 00:00:00 |a rbrito | ||
| 260 | |a Cali |b Universidad del Valle |c 2004 | ||
| 650 | 0 | |a Filosofía española |9 254895 | |
| 650 | 0 | |a Filosofía contemporánea |9 265372 | |
| 583 | |a last modification |c 20070727 00:00:00 |k Rodrigo Vera | ||
| 490 | 0 | |a Artes y Humanidades | |
| 999 | |c 326608 |d 326606 | ||
| 952 | |0 0 |1 0 |4 0 |6 196_100000000000000_CRU_2004 |7 0 |8 A |9 408630 |a BIBEDU |b BIBEDU |d 2019-11-22 |i 4358317 |o 196.1 CRU 2004 |p 4358317 |r 2019-11-22 |w 2019-11-22 |y BK |k FIL | ||